King Kong Palace; Dostoievski va a la playa
Gardado en:
| Autor Principal: | |
|---|---|
| Formato: | Libro |
| Idioma: | Lingua castelá |
| Publicado: |
Santiago
Pehuen
1990
|
| Series: | Colección teatro, 10
|
| Subjects: | |
| Tags: |
Engadir etiqueta
Sen Etiquetas, Sexa o primeiro en etiquetar este rexistro!
|
MARC
| LEADER | 00000nam a2200000 a 4500 | ||
|---|---|---|---|
| 001 | UCX3492 | ||
| 003 | CL-VaPUC | ||
| 008 | 911111e19900000CL |||||||||||||||||spa|d | ||
| 082 | 0 | 4 | |a Ch862 |b PAR |2 21 |
| 100 | |a Parra Calderón, Marco Antonio de la |e autor |9 466150 | ||
| 245 | 1 | 0 | |a King Kong Palace; Dostoievski va a la playa |
| 300 | |a 171 p | ||
| 942 | |c BK | ||
| 945 | |d 19911111 00:00:00 | ||
| 260 | |a Santiago |b Pehuen |c 1990 | ||
| 650 | 0 | |a Dramas chilenos |9 313819 | |
| 583 | |a last modification |c 19911111 00:00:00 |k Rodrigo Vera | ||
| 490 | 0 | |a Colección teatro, 10 | |
| 999 | |c 224235 |d 224233 | ||
| 952 | |0 0 |1 0 |4 0 |6 CH_862_000000000000000_PAR_1990 |7 0 |8 A |9 220741 |a BIBEDU |b BIBEDU |d 2019-11-15 |i 2894807 |o Ch862 PAR 1990 |p 2894807 |r 2019-11-15 |w 2019-11-15 |y BK |k LIT | ||